Die Britischen Amtlichen Dokumente über den Ursprung des Weltkrieges, 1898-1914 / (Record no. 32062)

MARC details
000 -LEADER
campo de control de longitud fija 00969nam a2200217 i 4500
001 - NÚMERO DE CONTROL
campo de control 32062
003 - IDENTIFICADOR DE NÚMERO DE CONTROL
campo de control ES-MaACL
005 - FECHA Y HORA DE LA ÚLTIMA TRANSACCIÓN
campo de control 20230906154514.0
007 - CAMPO FIJO DE DESCRIPCIÓN FÍSICA--INFORMACIÓN GENERAL
campo de control de longitud fija t|
008 - DATOS DE LONGITUD FIJA--INFORMACIÓN GENERAL
campo de control de longitud fija 030211s1928 gw ||||1| ger d
110 2# - ENTRADA PRINCIPAL--NOMBRE DE ENTIDAD CORPORATIVA
Nombre de entidad corporativa o nombre de jurisdicción como elemento de entrada Gran Bretaña.
Unidad subordinada Foreign Office.
9 (RLIN) 4480
245 14 - MENCIÓN DEL TÍTULO
Título Die Britischen Amtlichen Dokumente über den Ursprung des Weltkrieges, 1898-1914 /
Mención de responsabilidad, etc. im Auftrage des Britischen Auswèartigen Amtes ; herausgegeben von G. P. Gooch und Harold Temperley.
260 ## - PUBLICACIÓN, DISTRIBUCIÓN, ETC.
Lugar de publicación, distribución, etc. Berlin :
Nombre del editor, distribuidor, etc. Deutsche Verlagsgesellschaft für Politik und Geschichte,
Fecha de publicación, distribución, etc. 1928.
300 ## - DESCRIPCIÓN FÍSICA
Extensión <4> v. ;
Dimensiones 25 cm.
505 8# - NOTA DE CONTENIDO CON FORMATO
Nota de contenido con formato Son los volúmenes: 1 (parte I), 1 (parte II), 2 (parte I) y 2 (parte II), que abarcan las fechas dic. 1897-abr. 1904.
650 ## - PUNTO DE ACCESO ADICIONAL DE MATERIA--TÉRMINO DE MATERIA
Término de materia o nombre geográfico como elemento de entrada Guerra mundial, 1914-1918-
Subdivisión de forma Fuentes.
9 (RLIN) 173441
650 14 - PUNTO DE ACCESO ADICIONAL DE MATERIA--TÉRMINO DE MATERIA
Término de materia o nombre geográfico como elemento de entrada Guerra mundial, 1914-1918-
Subdivisión general Historia diplomática.
9 (RLIN) 13221
700 1# - ENTRADA AGREGADA--NOMBRE PERSONAL
Nombre de persona Gooch, George Peabody.
9 (RLIN) 59090
700 1# - ENTRADA AGREGADA--NOMBRE PERSONAL
Nombre de persona Temperley, Harold.
9 (RLIN) 109670
852 ## - LOCALIZACIÓN
Ubicación ES-MaACL
Número de control de estantería B-3902-05
Holdings
Estatus retirado Estado de pérdida Estado de daño No para préstamo Biblioteca de origen Biblioteca actual Ubicación en estantería Fecha de adquisición Fuente de adquisición Total de préstamos Signatura topográfica completa Código de barras Visto por última vez Precio de reemplazo Tipo de ítem Koha
        Biblioteca del Ateneo de Madrid Biblioteca del Ateneo de Madrid Sala Pardo Bazán 17/01/2008     B-3902-05 1033175 23/02/2023 23/02/2023 Libro impreso